[Event "AUTO-OPEN-1558"]
[Site "http://www.queenalice.com/game.php?id=590010"]
[Date "2009.5.18"]
[Round "1"]
[White "amor2905"]
[Black "maribondo"]
[Result "0-1"]
[WhiteElo "1775"]
[BlackElo "1666"]

1. d4 Nf6 2. c4 g6 3. e3 Bg7 4. Nf3 d5 5. Bd3 O-O 6. O-O c6 7. Nc3 Bg4 8. b3 Re8
9. Bb2 a6 10. a4 Qc7 11. Rc1 dxc4 12. Bxc4 Nbd7 13. b4 Nb6 14. Ba2 Rad8 15. h3
Bxf3 16. Qxf3 e6 17. b5 Qd7 18. bxc6 bxc6 19. Rfd1 Nbd5 20. e4 Nxc3 21. Rxc3 Nh5
22. e5 Bf8 23. Qxc6 Qxc6 24. Rxc6 Ra8 25. Bc4 a5 26. Bb5 Rec8 27. Rdc1 Rxc6 28.
Rxc6 Nf4 29. Kf1 Nd5 30. Ke1 Bb4+ 31. Ke2 Kg7 32. Rc7 Nxc7 33. f3 Nxb5 34. axb5
Rb8 0-1

[Event "AUTO-OPEN-1559"]
[Site "http://www.queenalice.com/game.php?id=590447"]
[Date "2009.5.18"]
[Round "1"]
[White "amor2905"]
[Black "Patt"]
[Result "1-0"]
[WhiteElo "1690"]
[BlackElo "1381"]

1. d4 d5 2. c4 Bf5 3. e3 Nc6 4. Nf3 Nb4 5. Qa4+ c6 6. Qxb4 e6 7. Qxb7 Rb8 8.
Qxc6+ Ke7 9. b3 Rc8 10. Qa4 Nf6 11. Qxa7+ Ke8 12. Ne5 Bd6 13. Qxf7# 1-0

[Event "AUTO-OPEN-1559"]
[Site "http://www.queenalice.com/game.php?id=590448"]
[Date "2009.5.18"]
[Round "1"]
[White "Patt"]
[Black "amor2905"]
[Result "1-0"]
[WhiteElo "1329"]
[BlackElo "1435"]

1. e4 c5 2. Bc4 e6 3. d3 Be7 4. Bf4 Nf6 5. Bg5 O-O 6. Qf3 Nc6 7. e5 Nxe5 8. Qh3
Neg4 9. Qg3 Qb6 10. Bxf6 Nxf6 11. Nd2 Qxb2 12. Rb1 Qc3 13. Nf3 d5 14. Rb3 Qxc2
15. Rb1 dxc4 16. dxc4 Qxa2 17. Nh4 Rd8 18. Qe3 1-0

[Event "AUTO-OPEN-1559"]
[Site "http://www.queenalice.com/game.php?id=590449"]
[Date "2009.5.18"]
[Round "1"]
[White "amor2905"]
[Black "PapaChess"]
[Result "0-1"]
[WhiteElo "1700"]
[BlackElo "1500"]

1. d4 Nf6 2. c4 e6 3. e3 d5 4. Nf3 Nbd7 5. Bd3 c6 6. O-O Bd6 7. Nc3 O-O 8. b3
Re8 9. Bb2 e5 10. dxe5 Nxe5 11. cxd5 Nxf3+ 12. Qxf3 cxd5 13. Kh1 Be6 14. Rad1
Bg4 0-1

[Event "AUTO-OPEN-1559"]
[Site "http://www.queenalice.com/game.php?id=590450"]
[Date "2009.5.18"]
[Round "1"]
[White "PapaChess"]
[Black "amor2905"]
[Result "1-0"]
[WhiteElo "2062"]
[BlackElo "1537"]

1. e4 c5 2. Nf3 e6 3. c3 Nf6 4. e5 Nd5 5. d4 cxd4 6. cxd4 Be7 7. Bc4 Nb6 8. Bb3
Nc6 9. O-O O-O 10. a3 d6 11. exd6 Bxd6 12. Nc3 Qc7 13. h3 Rd8 14. Qe2 Be7 15.
Rd1 Bf6 16. Bc2 Nxd4 17. Nxd4 Rxd4 18. Rxd4 Bxd4 19. Qe4 Bf6 20. Qxh7+ Kf8 21.
Qd3 Bd7 22. Ne4 Be7 23. Be3 1-0

[Event "AUTO-OPEN-1560"]
[Site "http://www.queenalice.com/game.php?id=590794"]
[Date "2009.5.19"]
[Round "1"]
[White "amor2905"]
[Black "PapaChess"]
[Result "0-1"]
[WhiteElo "1537"]
[BlackElo "2043"]

1. d4 Nf6 2. c4 e6 3. e3 d5 4. Nf3 Nbd7 5. Bd3 c6 6. b3 Bd6 7. Bb2 O-O 8. Nc3
Re8 9. O-O a6 10. Re1 Bb4 11. a3 Ba5 12. b4 Bc7 13. Rc1 h6 14. Qc2 Nb6 15. c5
Nbd7 16. a4 e5 17. dxe5 Nxe5 18. Be2 Nfd7 19. Nxe5 Nxe5 20. Rcd1 Qh4 21. g3 Qh3
0-1

[Event "AUTO-OPEN-1560"]
[Site "http://www.queenalice.com/game.php?id=590795"]
[Date "2009.5.19"]
[Round "1"]
[White "PapaChess"]
[Black "amor2905"]
[Result "1-0"]
[WhiteElo "2045"]
[BlackElo "1537"]

1. e4 c5 2. Nf3 e6 3. c3 d6 4. d4 b6 5. Bd3 Bb7 6. O-O Nf6 7. Re1 Be7 8. Qc2
cxd4 9. cxd4 Nc6 10. a3 Rc8 11. Nc3 a6 12. h3 b5 13. Qe2 O-O 14. Be3 d5 15. e5
Nd7 16. Nh2 Na5 17. f4 Qb6 18. Qh5 g6 19. Qh6 1-0

[Event "AUTO-OPEN-1560"]
[Site "http://www.queenalice.com/game.php?id=590798"]
[Date "2009.5.19"]
[Round "1"]
[White "amor2905"]
[Black "alexcamargo"]
[Result "0-1"]
[WhiteElo "1620"]
[BlackElo "1828"]

1. d4 d5 2. c4 e6 3. e3 Nf6 4. Nf3 c6 5. Bd3 Nbd7 6. O-O Bd6 7. b3 O-O 8. Bb2 e5
9. dxe5 Nxe5 10. Nxe5 Re8 11. Nf3 dxc4 12. Bxc4 Qe7 13. Nc3 Bf5 14. Qe2 Rad8 15.
Rad1 b5 16. Bd3 Bxd3 17. Rxd3 Ng4 18. Rfd1 Qc7 19. h3 Ne5 0-1

[Event "AUTO-OPEN-1560"]
[Site "http://www.queenalice.com/game.php?id=590799"]
[Date "2009.5.19"]
[Round "1"]
[White "alexcamargo"]
[Black "amor2905"]
[Result "1-0"]
[WhiteElo "1819"]
[BlackElo "1640"]

1. d4 d5 2. c4 dxc4 3. Nc3 e6 4. Nf3 Nf6 5. e4 Be7 6. Bxc4 O-O 7. O-O c5 8. dxc5
Bxc5 9. Bf4 Nc6 10. a3 a6 11. Qc2 b5 12. Rad1 Qb6 13. b4 bxc4 14. bxc5 Qxc5 15.
Bd6 Qh5 16. Bxf8 Kxf8 17. e5 Ng4 18. h3 Ngxe5 19. Nxe5 Nxe5 20. Qe4 Rb8 21. Rfe1
f6 22. Rd6 Qg5 23. h4 Qh6 24. Rd8+ Ke7 25. Rxc8 1-0

[Event "AUTO-OPEN-1561"]
[Site "http://www.queenalice.com/game.php?id=591165"]
[Date "2009.5.20"]
[Round "1"]
[White "Heike67"]
[Black "amor2905"]
[Result "1-0"]
[WhiteElo "1861"]
[BlackElo "1636"]

1. e4 c5 2. Nf3 e6 3. d4 b6 4. d5 Qc7 5. c4 d6 6. Nc3 Bb7 7. Bd3 Nf6 8. O-O Be7
9. Re1 e5 10. Nd2 g5 11. Nf1 Rg8 12. Ne3 h5 13. Nf5 Na6 14. Qa4+ Qd7 15. Qxd7+
Nxd7 16. Nb5 Rg6 17. a3 Nf8 18. Bd2 Kd7 19. b4 f6 20. Re3 Nc7 21. Nxc7 Kxc7 22.
Nxe7 Nd7 23. Nxg6 1-0

[Event "AUTO-OPEN-1561"]
[Site "http://www.queenalice.com/game.php?id=591166"]
[Date "2009.5.20"]
[Round "1"]
[White "amor2905"]
[Black "Heike67"]
[Result "1-0"]
[WhiteElo "1577"]
[BlackElo "1863"]

1. d4 e6 2. c4 d5 3. e3 Nf6 4. Nf3 Bb4+ 5. Nbd2 O-O 6. Bd3 c5 7. O-O Bxd2 8.
Bxd2 cxd4 9. Nxd4 Nc6 10. Nf3 e5 11. cxd5 Qxd5 12. Bc3 Bg4 13. Be2 Qxd1 14.
Rfxd1 Rad8 15. h3 Bxf3 16. Bxf3 e4 17. Rxd8 Rxd8 18. Bxf6 Re8 19. Bxe4 Rxe4 20.
Bc3 Re8 21. Rd1 Rd8 22. Rxd8+ Nxd8 23. Kf1 f6 24. Ke2 Kf7 25. Kd3 Ke6 26. f4 Kd5
27. e4+ Ke6 28. Kc4 Nf7 29. f5+ Kd6 30. b4 a6 31. a4 Ng5 32. Kd4 b5 33. axb5
axb5 34. h4 Nf7 35. Ke3 Nd8 36. Bd4 Nb7 37. g4 Ke7 38. Kf4 Kf7 39. e5 fxe5+ 40.
Kxe5 g6 41. f6 Nd8 42. Kd5 1-0

[Event "AUTO-OPEN-1561"]
[Site "http://www.queenalice.com/game.php?id=591181"]
[Date "2009.5.20"]
[Round "1"]
[White "Givanildo"]
[Black "amor2905"]
[Result "0-1"]
[WhiteElo "1571"]
[BlackElo "1300"]

1. e4 c5 2. Bc4 e6 3. h4 Nc6 4. Nf3 Be7 5. d3 d5 6. Bb5 Qb6 7. a4 Bd7 8. exd5
exd5 9. Ne5 Nxe5 10. Bf4 Nc6 11. Qe2 a6 12. Bxc6 Qxc6 13. Nc3 Nf6 14. Bg5 O-O-O
15. O-O Rde8 16. Qf3 h6 17. Bf4 Bg4 18. Qe3 Bd6 19. Qg3 Bxf4 20. Qxf4 g5 21.
hxg5 hxg5 22. Qxg5 Reg8 23. Qe5 Bf3 24. Qf5+ Kb8 25. Qxf3 Rg6 26. Qf4+ Ka8 27.
Rfe1 Rgh6 28. Kf1 d4 29. Ne2 Rg6 30. c3 Qxg2# 0-1

[Event "AUTO-OPEN-1561"]
[Site "http://www.queenalice.com/game.php?id=591182"]
[Date "2009.5.20"]
[Round "1"]
[White "amor2905"]
[Black "Givanildo"]
[Result "1-0"]
[WhiteElo "1749"]
[BlackElo "1481"]

1. d4 e6 2. c4 Bb4+ 3. Nc3 Nf6 4. e3 Ne4 5. Qc2 f5 6. Bd3 Nxc3 7. bxc3 Ba5 8.
Nf3 g5 9. Ne5 g4 10. h3 Qh4 11. Bb2 b6 12. g3 Qh5 13. O-O-O Bb7 14. hxg4 Qg5 15.
Rh5 Qf6 16. gxf5 d6 17. Ng4 Qf7 18. Rh6 Nd7 19. fxe6 Qf3 20. exd7+ Kd8 21. Bf5
a6 22. Nf6 Qg2 23. Bg6 c5 24. Qf5 Rf8 25. Rxh7 Bf3 26. Qg5 Kc7 27. Rdh1 Qxh1+
28. Rxh1 Bxh1 29. Qf5 Bc6 30. Ne8+ Rfxe8 31. dxe8=Q Bxe8 32. Bxe8 Rxe8 33. Qf7+
Kd8 34. Kc2 cxd4 35. cxd4 b5 36. cxb5 Re7 37. Qd5 axb5 38. Qa8+ Kd7 39. Qxa5 Ke6
40. Qxb5 Kf6 41. Qh5 Rc7+ 42. Kd3 Rb7 43. d5+ Rxb2 44. Qh8+ Kf5 45. Qxb2 Kg4 46.
Ke2 Kh3 47. Kf3 Kh2 48. Qc1 Kh3 49. Qh1# 1-0